Normal view
MARC view
- Kieser, Gerd
Entry Personal Name
001 - CONTROL NUMBER
- control field: 6663
003 - CONTROL NUMBER IDENTIFIER
- control field: OSt
005 - DATE AND TIME OF LATEST TRANSACTION
- control field: 20241231154300.0
008 - FIXED-LENGTH DATA ELEMENTS
- fixed length control field: 241231|| aca||aabn | a|a d
040 ## - CATALOGING SOURCE
- Original cataloging agency: OSt
- Transcribing agency: OSt
100 ## - HEADING--PERSONAL NAME
- Personal name: Kieser, Gerd
670 ## - SOURCE DATA FOUND
- Source citation: Work cat.: (OSt)13445: Kieser, Gerd ., Optical fiber communications / , 2009.
